| 000 | 01215nam a2200349 i 4500 | ||
|---|---|---|---|
| 001 | 34798 | ||
| 003 | KOSZ 005 | ||
| 005 | 20200811094438.0 | ||
| 008 | 070710s1970 pl a f 001 0 pol | ||
| 015 | _aPB 1970/5041 | ||
| 040 |
_aWA N _cWA N _dKOSZ 005/RW _dKOSZ 005/HR |
||
| 041 | 1 |
_apol _heng |
|
| 046 | _k1970 | ||
| 080 | _a621.56/.59 | ||
| 080 | _a536 | ||
| 100 | 1 |
_aMendelssohn, Kurt _d(1906- ). _eAutor |
|
| 245 | 1 | 0 |
_aNa drodze do zera bezwzględnego / _cK. Mendelssohn ; [z ang. przeł. Eugeniusz Trojnar]. |
| 246 | 1 |
_iTyt. oryg.: _aQuest for absolute zero |
|
| 260 |
_aWarszawa : _bPaństwowe Wydawnictwo Naukowe, _c1970. |
||
| 300 |
_a278, [2] s. : _bil., err. ; _c18 cm. |
||
| 380 | _aKsiążki. | ||
| 388 | _a1901-2000 | ||
| 500 | _aTyt. oryg.: The quest for absolute zero. | ||
| 504 | _aBibliogr. s. [271]. Indeks. | ||
| 658 | _aInżynieria i technika | ||
| 658 | _aFizyka i astronomia | ||
| 650 | 4 | _aTechnika niskich temperatur | |
| 700 | 1 |
_aTrojnar, Eugeniusz. _eTłumaczenie |
|
| 710 | 2 |
_aPaństwowe Wydawnictwo Naukowe _4pbl. |
|
| 856 |
_uhttp://koha.tu.koszalin.pl/cgi-bin/koha/opac-detail.pl?biblionumber=34798 _yKatalog online BPK |
||
| 942 |
_2UKD _cKS |
||
| 999 |
_c34798 _d34798 |
||